| 000 | 01265cam a22003497a 4500 | ||
|---|---|---|---|
| 003 | CHAP | ||
| 005 | 20220329142507.0 | ||
| 008 | 010702d1999 mx r 00110 spa d | ||
| 010 | _a84285 | ||
| 011 | _a85257 | ||
| 020 | _a9688429481 | ||
| 035 | _a95788 | ||
| 040 | _cCHAP | ||
| 082 | 0 | 4 |
_a382.1 _bO7 |
| 100 | 0 | 0 |
_aOrtiz Wadgymar, Arturo _984087 |
| 245 | 1 | 3 |
_aLa nueva economía mundial : _bactualidad de las teorías del comercio internacional en un mundo globalizado _c/por Arturo Ortiz Wadymar |
| 260 |
_aMéxico, D.F. : _bUniversidad Nacional Autónoma de México. Instituto de Investigaciones Económicas, _c1999. |
||
| 300 | _a131 p. | ||
| 490 | 0 | _aColección Jesús Silva Herzog | |
| 590 |
_aBATCH-UPD _b10 _c20130110 _lUCH01 _h0429 |
||
| 590 |
_aBATCH-UPD _b10 _c20130410 _lUCH01 _h0104 |
||
| 590 |
_aBATCH-UPD _b10 _c20130914 _lUCH01 _h1005 |
||
| 590 |
_aCONVERSION _b10 _c20130109 _lUCH01 _h1347 |
||
| 650 | 1 | 4 |
_aComercio internacional. _925641 |
| 650 | 1 | 4 |
_aPolítica mundial. _990682 |
| 650 | 1 | 4 |
_aRelaciones económicas internacionales. _995813 |
| 830 | 0 | 0 |
_aColección Jesús Silva Herzog _924888 |
| 901 | _aBK | ||
| 905 | _aLilia Sánchez G. | ||
| 942 | _cLIBRO | ||
| 949 |
_a382.1 O7 _bBC _cLIBRO _d33724000837258 _eLIBRO _h100596 _i95788 _si _t$52.25 |
||
| 999 |
_c84285 _d84285 |
||